Widok standardowy
Widok MARC
Pozycja Corporate Name
Liczba rekordów, w których użyto hasła: 1
001 - Numer kontrolny
- control field: 39203
003 - Identyfikator numeru kontrolnego
- control field: NUKAT
005 - Data i czas ostatniej modyfikacji
- control field: 20260330130209.0
008 - Dane kontrolne kodowane (40 znaków)
- fixed length control field: 210129n||a|znnaabn |a ana |c
010 ## - Numer kontrolny Biblioteki Kongresu
- numer kontrolny LC: n 2021040952
040 ## - Instytucja sporządzająca rekord
- inst. przygot. dane do rek. khw: OLSZT 003/AR
- język haseł przedmiotowych/tezaurus: kaba
- inst. wprow. rek. khw: OLSZT 003/AR
043 ## - Kod obszaru geograficznego
- ISO code: PL
046 ## - Special dates
- Start period: 1991
110 2# - Hasło - nazwa ciała zbiorowego
- nazwa ciała zbior. lub geogr. na pocz.: Warmińsko-Mazurska Izba Lekarsko-Weterynaryjna (Olsztyn).
368 ## - Other Attributes
- Corp type: Stowarzyszenia zawodowe.
370 ## - Associated place
- Country: Polska.
370 ## - Associated place
- Residence/HQ: Olsztyn (Polska, województwo warmińsko-mazurskie).
372 ## - Field of activity
- Field: Medycyna weterynaryjna.
377 ## - Assoc lang
- Lang code: pol
410 2# - Trop zob. - nazwa ciała zbiorowego
- nazwa ciała zbior. lub geogr. na pocz.: WMILW.
410 2# - Trop zob. - nazwa ciała zbiorowego
- nazwa ciała zbior. lub geogr. na pocz.: W-MIL-W.
410 2# - Trop zob. - nazwa ciała zbiorowego
- nazwa ciała zbior. lub geogr. na pocz.: Warmińsko Mazurska Izba Lekarsko Weterynaryjna w Olsztynie.
410 2# - Trop zob. - nazwa ciała zbiorowego
- nazwa ciała zbior. lub geogr. na pocz.: WMILW w Olsztynie.
665 ## - Nota historyczna
- nota historyczna: Warmińsko Mazurska Izba Lekarsko-Weterynaryjna powstała w 1991 w Olsztynie.
670 ## - Źródło informacji
- źródło informacji: Biuletyn / Warmińsko-Mazurska Izba Lekarsko-Weterynaryjna.- Olsztyn, 5.1 (1997).
670 ## - Źródło informacji
- źródło informacji: WMILW, 29.01.2021.
- adres internetowy: https://www.bisnode.pl/firma/?id=10591403&nazwa=WARMINSKO_MAZURSKA_IZBA_LEKARSKO_WETERYNARYJNA_W_OLSZTYNIE